Animal behaviour : (Record no. 8781)

MARC details
000 -LEADER
fixed length control field 00665nam a22002177a 4500
003 - CONTROL NUMBER IDENTIFIER
control field OSt
005 - DATE AND TIME OF LATEST TRANSACTION
control field 20240625100443.0
008 - FIXED-LENGTH DATA ELEMENTS--GENERAL INFORMATION
fixed length control field 240625b |||||||| |||| 00| 0 eng d
020 ## - INTERNATIONAL STANDARD BOOK NUMBER
International Standard Book Number 978-0070289277
040 ## - CATALOGING SOURCE
Transcribing agency MUST
082 ## - DEWEY DECIMAL CLASSIFICATION NUMBER
Classification number 591.5 HIN 1970
100 ## - MAIN ENTRY--PERSONAL NAME
Personal name Hinde, Robert A.
9 (RLIN) 17746
245 ## - TITLE STATEMENT
Title Animal behaviour :
Remainder of title a synthesis of ethology and comparative psychology /
Statement of responsibility, etc. Robert A. Hinde
250 ## - EDITION STATEMENT
Edition statement 2nd.ed.
260 ## - PUBLICATION, DISTRIBUTION, ETC. (IMPRINT)
Place of publication, distribution, etc. New York
Name of publisher, distributor, etc. McGraw-Hill Book Company
Date of publication, distribution, etc. 1970
300 ## - PHYSICAL DESCRIPTION
Extent xvi, 876p.:
Other physical details ill.;
Dimensions 25 cm.
504 ## - BIBLIOGRAPHY, ETC. NOTE
Bibliography, etc Includes bibliographical references and index
650 ## - SUBJECT ADDED ENTRY--TOPICAL TERM
Topical term or geographic name as entry element Animal Behaviour
9 (RLIN) 12601
650 ## - SUBJECT ADDED ENTRY--TOPICAL TERM
Topical term or geographic name as entry element Biology
9 (RLIN) 5602
942 ## - ADDED ENTRY ELEMENTS (KOHA)
Source of classification or shelving scheme Dewey Decimal Classification
Koha item type Open Shelf
Holdings
Withdrawn status Lost status Source of classification or shelving scheme Damaged status Not for loan Home library Current library Date acquired Source of acquisition Inventory number Total Checkouts Full call number Barcode Date last seen Price effective from Koha item type
    Dewey Decimal Classification     MUST Main Library MUST Main Library 25/06/2024 Purchase 2003/20214   591.5 HIN 1970 2024-21159 25/06/2024 25/06/2024 Open Shelf